Polynesians in America : pre-columbian contacts with the new world /

Detalles Bibliográficos
Formato: Libro
Lenguaje:inglés
Publicado: Nueva York Altamira Press 2011

MARC

LEADER 00000cam a2200000 a 4500
001 033900
003 UAHC_CL
005 20170803123701.0
008 130930b xx j 000 1 eng
040 |a UAHC_CL  |c UAHC_CL  |d UAHC_CL 
245 1 0 |a Polynesians in America :  |b pre-columbian contacts with the new world /  |c editado por Terry L Jones... [et.al.]. 
260 |b Altamira Press  |a Nueva York  |c 2011 
300 |a 359 p. 
900 |a FONDECYT 
942 |c BK 
952 |0 0  |1 0  |4 0  |6 FONDECYT  |7 0  |8 General  |9 64707  |a BC  |b BC  |c General  |d 2017-08-03  |l 1  |m 5  |o FONDECYT  |p 1407819  |q 2026-03-11  |r 2019-01-07 00:00:00  |s 2019-01-07  |t 1  |w 2017-08-03  |y BK 
999 |c 33900  |d 33900